Statistics for US States Quiz One Hour

Click here to take the quiz!

General Stats

  • This quiz has been taken 439 times
  • The average score is 44 of 50

Answers on the Map

Answers color-coded by a green-red scale on the quiz's map according to % correct below.
 

Answer Stats

State% Correct
Alaska
96%
New York
96%
Texas
96%
Florida
95%
Hawaii
95%
Washington
95%
California
94%
Alabama
93%
New Mexico
92%
North Carolina
90%
North Dakota
90%
South Dakota
90%
Mississippi
89%
Nevada
89%
Ohio
89%
South Carolina
89%
Arizona
88%
Colorado
88%
Idaho
88%
Indiana
88%
Kansas
88%
New Jersey
88%
Virginia
88%
Wyoming
88%
Kentucky
87%
West Virginia
87%
Arkansas
86%
Georgia
86%
Illinois
86%
Louisiana
86%
Maine
86%
Michigan
86%
Montana
86%
Pennsylvania
86%
Rhode Island
86%
Utah
86%
Delaware
85%
Iowa
85%
Massachusetts
85%
Oklahoma
85%
Tennessee
85%
Maryland
84%
Minnesota
84%
Nebraska
84%
New Hampshire
84%
Oregon
84%
Connecticut
83%
Missouri
83%
Vermont
82%
Wisconsin
80%

Score Distribution

Percentile by Number Answered

Percent of People with Each Score

Your Score History

You have not taken this quiz